01276nam a2200277 u 450000100100000000500170001000800410002702000190006804100080008704300120009510000240010724501120013126000300024330000180027349000310029150000430032252003710036565000290073665000330076565000410079865000330083965000310087265000300090370000320093370000330096500005713820200120223441.0130626s2009 ck a br 000 j spa d a9789584517500.0 aspa ae-uk-en1 aAlmond Davidd1951-10aMi papá es un hombre pájaro /cDavid Almond ; traducció Adriana Delgado ; ilustraciones Polly Dunbar. aBogotá :bNorma,c2009. a157 p. :bil.0 aTorre de papelpTorre azul aTítulo original : My dad's a birdman03a"En una ciudad lluviosa al norte de Inglaterra, cosas extraas estn pasando. Pap est armando un par de alas, comiento moscas y arreglando un nido. La ta Dorita est empanaditas. El seor Pop esta recorriendo las calles gritando aletazos. Y viendo todo esto est Isabelita; quin extraa a su mam y tiene que cuidar de su padre mientras piensa qu hermosos son los pjaros ".14aCuento infantil inglés24aLiteratura infantil inglesa.24aAventuras en la infantil colombiana.24aFantasía en la literatura.24aCiudades en la literatura.24aNiños en la literatura.1 aDunbar, Polly,eilustrador.1 aDelgado, Adrianaetraductor.